| 000 | 00536nam a2200217Ia 4500 | ||
|---|---|---|---|
| 003 | 0100 | ||
| 008 | 130303s9999 xx 000 0 und d | ||
| 040 | _cARRUPELIB | ||
| 050 | _aBL2400.H48 1985 | ||
| 100 | _aHeusch, Luc De | ||
| 245 | _aSacrifice in Africa | ||
| 245 | _ba structuralist approach | ||
| 260 | _aManchester | ||
| 260 | _bManchester University Press | ||
| 260 | _C1985 | ||
| 300 | _a232p. | ||
| 300 | _b 23 cm. | ||
| 440 | _aThemes in social anthropology | ||
| 650 | _bThomas Aquinas, St | ||
| 942 |
_2lcc _01 |
||
| 999 |
_c59215 _d59215 |
||